| 000 | 00472nam a22001817a 4500 | ||
|---|---|---|---|
| 003 | LK-CoDNM | ||
| 005 | 20250120112837.0 | ||
| 008 | 250120b |||||||| |||| 00| 0 eng d | ||
| 040 |
_aLK-CoDNM _dLK-CoDNM _eLK-CoDNM |
||
| 041 |
_aeng _hSinhala |
||
| 080 |
_a11 _bU19 |
||
| 100 | _aBunting B. | ||
| 245 | _aThe Oil Palm In Malaya | ||
| 260 |
_aMalayan _bDepartmant Of Agriculture _c1934 |
||
| 300 | _aix, 293p. : ill , map ; 21 cm | ||
| 650 | _aScience | ||
| 942 | _cBK | ||
| 999 |
_c236988 _d236988 |
||